000 00543nam a2200217Ia 4500
003 OSt
005 20220928140735.0
006 a|||||r|||| 00| 0
007 ta
008 220927b |||||||| |||| 00| 0 eng d
024 _a11484
037 _cTextual
040 _aSDCL
_cSDCL
_beng
041 _2eng
_aeng
082 _aB288, P3
100 _aGiordano Frank R
_9464815
245 0 _aFirst course in mathematical modeling.
260 _c2003
942 _hB288, P3
_cTEXL
_2CC
999 _c813914
_d813914